Score 0/20 Timer 03:00
1 Play Today
Scrambled Name Answer % Correct
RACHMMarch
98.6%
WLOGRGrowl
97.2%
NELAPPlane
97.1%
VERLILiver
97.1%
PLEPAApple
96.1%
BIBAMBambi
95.8%
SNATPPants
95.3%
MOCETComet
95.1%
WDYOHHowdy
94.6%
UTOLPPluto
94.2%
Scrambled Name Answer % Correct
GRETITiger
93.5%
SHCRACrash
91.5%
LDEIFField
90.3%
ROKSTStork
90%
REDVAVader
87.3%
VERDIDrive
86.7%
SNEDUDunes
76.6%
RADCECedar
75.3%
TINVEVenti
70.5%
HEBARRehab
35.3%
Remove Ads.
Support Sporcle.
Get the best of Sporcle when you Go Orange. This ad-free experience offers more features, more stats, and more fun while also helping to support Sporcle. Thank you for becoming a member.

You're not logged in!

Compare scores with friends on all Sporcle quizzes.
OR
Log In

Show Comments

Extras

Top Quizzes Today


Score Distribution

Your Account Isn't Verified!

In order to create a playlist on Sporcle, you need to verify the email address you used during registration. Go to your Sporcle Settings to finish the process.

Report this User

Report this user for behavior that violates our Community Guidelines.

Details: